Inda in 1929-30 (Record no. 553175)

000 -LEADER
fixed length control field 00353cas a2200133 a 4500
082 ## - DEWEY DECIMAL CLASSIFICATION NUMBER
Classification number 954.0358
Author Mark IND
245 00 - TITLE STATEMENT
Title Inda in 1929-30
Statement of responsibility, etc. Goverment of India
260 ## - PUBLICATION, DISTRIBUTION, ETC.
Place of publication, distribution, etc. India
Name of publisher, distributor, etc. Goverment of India
Date of publication, distribution, etc. c1931.
300 ## - PHYSICAL DESCRIPTION
Extent v. ;
Dimensions 26 cm.
Other physical details 496 p.
526 ## - STUDY PROGRAM INFORMATION NOTE
Program name 0
Interest level 0
Reading level 0
Title point value 954_035800000000000_IND
650 #0 - SUBJECT ADDED ENTRY--TOPICAL TERM
Topical term or geographic name entry element MCE
9 (RLIN) 379
650 #2 - SUBJECT ADDED ENTRY--TOPICAL TERM
Geographic subdivision India
9 (RLIN) 25356
942 ## - ADDED ENTRY ELEMENTS (KOHA)
Source of classification or shelving scheme
Koha item type Book
Holdings
Withdrawn status Lost status Source of classification or shelving scheme Damaged status Not for loan Permanent Location Current Location Shelving location Date acquired Total Checkouts Full call number Barcode Date last seen Price effective from Koha item type
          Military College of Engineering (MCE) Military College of Engineering (MCE)   02/02/2015   954.0358 IND MCE-ECI/51 02/02/2015 02/02/2015 Book
© 2023 Central Library, National University of Sciences and Technology. All Rights Reserved.